45 pays manquants sur une carte - Statistiques

Statistiques générales
  • Ce quiz a été pris 1 712 fois
  • Le résultat moyen est 29 sur 45
Réponses sur la Carte
Les réponses sont colorées sur une échelle allant du rouge au vert en fonction du pourcentage des utilisateurs qui les ont devinées à leur premier essai. Vous pouvez retrouver ces pourcentages ci-dessous.
 
Statistiques - réponses
Pays % Correct
États-Unis
100%
Canada
99%
Algérie
98%
Argentine
97%
Brésil
97%
France
97%
Allemagne
96%
Espagne
96%
Russie
96%
Mexique
95%
Chine
94%
République Démocratique du Congo
94%
Égypte
93%
Libye
93%
Bolivie
92%
Colombie
92%
Italie
92%
Mongolie
92%
Panama
91%
Suisse
91%
Costa Rica
90%
Kazakhstan
90%
Soudan
90%
Ukraine
89%
Arabie Saoudite
88%
Biélorussie
88%
Venezuela
88%
Afrique du Sud
87%
Maroc
87%
Paraguay
87%
Tchad
87%
Mali
86%
Pologne
86%
République Tchèque
86%
Inde
85%
Mauritanie
85%
Pérou
84%
Autriche
83%
Équateur
83%
Éthiopie
83%
Guinée
82%
Iran
82%
Niger
82%
Turquie
82%
Finlande
81%
Japon
81%
Nicaragua
81%
Roumanie
81%
Kenya
80%
Namibie
80%
Portugal
80%
République du Congo
80%
Angola
79%
Australie
79%
Côte d'Ivoire
79%
Sénégal
79%
Slovaquie
79%
Soudan du Sud
79%
Nigeria
78%
Guatemala
77%
Guyana
77%
Hongrie
77%
Suède
76%
Indonésie
75%
Irak
75%
République Centrafricaine
75%
Tanzanie
75%
Zambie
75%
Belgique
74%
Burkina Faso
74%
Chili
74%
Ghana
74%
Népal
74%
Togo
74%
Afghanistan
73%
Cameroun
73%
Mozambique
73%
Pakistan
72%
Royaume-Uni
72%
Bénin
71%
Botswana
71%
Norvège
71%
Uruguay
71%
Ouzbékistan
70%
Slovénie
70%
Ouganda
68%
Suriname
68%
Yémen
68%
Croatie
67%
Turkménistan
67%
Zimbabwe
67%
Honduras
66%
Danemark
65%
Grèce
65%
Serbie
65%
Gabon
64%
Laos
64%
Lituanie
64%
Kirghizistan
63%
Lettonie
63%
Bosnie-Herzégovine
62%
Islande
62%
Oman
62%
Bhoutan
61%
Birmanie
61%
Corée du Nord
61%
Lesotho
61%
Moldavie
61%
Syrie
60%
Corée du Sud
58%
Pays-Bas
58%
Tunisie
58%
Liberia
57%
Macédoine du Nord
57%
Somalie
57%
Viêt Nam
57%
Thaïlande
56%
Bulgarie
55%
Comores
54%
Jordanie
54%
Nouvelle-Zélande
54%
Tadjikistan
54%
Cuba
53%
Estonie
53%
Madagascar
53%
Sierra Leone
53%
Bangladesh
52%
Érythrée
52%
Irlande
52%
Kosovo
52%
Malawi
52%
Arménie
51%
Jamaïque
51%
Guinée-Bissau
50%
Monténégro
49%
Rwanda
49%
Seychelles
49%
Burundi
48%
Géorgie
48%
Azerbaïdjan
47%
République Dominicaine
47%
Taïwan
47%
Kiribati
46%
Salvador
46%
Cap-Vert
45%
Haïti
45%
Maurice
45%
Albanie
44%
Philippines
44%
Eswatini
43%
États Fédérés de Micronésie
43%
Belize
42%
Cambodge
41%
Malaisie
41%
Guinée Équatoriale
40%
Sri Lanka
40%
Sao Tomé-et-Principe
39%
Bahamas
38%
Gambie
38%
Émirats Arabes Unis
36%
Maldives
36%
Papouasie-Nouvelle-Guinée
36%
Djibouti
35%
Îles Salomon
35%
Chypre
33%
Luxembourg
33%
Samoa
32%
Fidji
31%
Malte
30%
Israël
29%
Tuvalu
29%
Vanuatu
29%
Îles Marshall
28%
Qatar
28%
Koweït
26%
Tonga
26%
Palaos
23%
Nauru
21%
Liban
20%
Timor Oriental
16%
Trinité-et-Tobago
16%
Aucun quiz correspondant
Distribution des résultats
% des personnes avec chaque résultat
Percentile par nombre de réponses
Votre historique - résultats
Vous n’avez pas pris ce quiz